How democratic is the Constitution? / (Record no. 1609)

MARC details
000 -LEADER
fixed length control field 01059cam a2200325 i 4500
001 - CONTROL NUMBER
control field 2299306
003 - CONTROL NUMBER IDENTIFIER
control field OSt
005 - DATE AND TIME OF LATEST TRANSACTION
control field 20230620110125.0
008 - FIXED-LENGTH DATA ELEMENTS--GENERAL INFORMATION
fixed length control field 800922s1980 dcu b 000 0 eng
010 ## - LIBRARY OF CONGRESS CONTROL NUMBER
LC control number 80024291
020 ## - INTERNATIONAL STANDARD BOOK NUMBER
International Standard Book Number 0844734004
020 ## - INTERNATIONAL STANDARD BOOK NUMBER
International Standard Book Number 0844733997 (pbk.)
040 ## - CATALOGING SOURCE
Original cataloging agency DLC
Transcribing agency DLC
Modifying agency DLC
043 ## - GEOGRAPHIC AREA CODE
Geographic area code n-us---
050 00 - LIBRARY OF CONGRESS CALL NUMBER
Classification number JK21
Item number .H78
082 00 - DEWEY DECIMAL CLASSIFICATION NUMBER
Classification number 320.5
Item number GOL
245 00 - TITLE STATEMENT
Title How democratic is the Constitution? /
Statement of responsibility, etc. Robert A. Goldwin and William A. Schambra, editors.
260 ## - PUBLICATION, DISTRIBUTION, ETC. (IMPRINT)
Place of publication, distribution, etc. Washington, D.C. :
Name of publisher, distributor, etc. American Enterprise Institute for Public Policy Research,
Date of publication, distribution, etc. c1980.
300 ## - PHYSICAL DESCRIPTION
Extent 150 p. ;
Dimensions 23 cm.
490 1# - SERIES STATEMENT
Series statement AEI studies ; 294
504 ## - BIBLIOGRAPHY, ETC. NOTE
Bibliography, etc Includes bibliographical references.
650 #0 - SUBJECT ADDED ENTRY--TOPICAL TERM
Topical term or geographic name as entry element Representative government and representation
Geographic subdivision United States.
650 #0 - SUBJECT ADDED ENTRY--TOPICAL TERM
Topical term or geographic name as entry element Constitutional history
Geographic subdivision United States.
650 #0 - SUBJECT ADDED ENTRY--TOPICAL TERM
Topical term or geographic name as entry element Democracy.
700 1# - ADDED ENTRY--PERSONAL NAME
Personal name Goldwin, Robert A.,
Dates associated with a name 1922-2010.
700 1# - ADDED ENTRY--PERSONAL NAME
Personal name Schambra, William A.
830 #0 - SERIES ADDED ENTRY--UNIFORM TITLE
Uniform title AEI studies ;
Volume number/sequential designation 294.
906 ## - LOCAL DATA ELEMENT F, LDF (RLIN)
a 7
b cbc
c orignew
d u
e ocip
f 19
g y-gencatlg
942 ## - ADDED ENTRY ELEMENTS (KOHA)
Source of classification or shelving scheme Dewey Decimal Classification
Koha item type Books
Holdings
Withdrawn status Lost status Source of classification or shelving scheme Damaged status Not for loan Home library Current library Date acquired Total Checkouts Full call number Barcode Date last seen Price effective from Koha item type
    Dewey Decimal Classification     County Hall Archives County Hall Archives 06/20/2023   320.5 GOL 10000984 06/20/2023 06/20/2023 Books
LIBRARY OPENING HOURS

When the Parliament is sitting: 8.00a.m - 7.00p.m or until the house adjourns
Mondays and Fridays and when the House is on Recess:  8.00a.m - 5.00p.m
Closed on Weekends and Public Holidays

Online Public Access Catalog (OPAC)
Website: http://www.parliament.go.ke
Bunge Library: https://libraryir.parliament.go.ke
Contact: library@parliament.go.ke | Tel no: (254-2)2221291 or 2848000 Ext 5043